<?xml version="1.0" encoding="UTF-8"?>
<marc:record xmlns:marc="http://www.loc.gov/MARC21/slim">
   <marc:leader>00000nam a2200000 a 4500</marc:leader>
   <marc:datafield ind1=" " ind2=" " tag="653">
      <marc:subfield code="a">Tonies</marc:subfield>
   </marc:datafield>
   <marc:datafield ind1=" " ind2=" " tag="653">
      <marc:subfield code="a">Clever-Tonies</marc:subfield>
   </marc:datafield>
   <marc:datafield ind1=" " ind2=" " tag="653">
      <marc:subfield code="a">Tonie-Hörbuch</marc:subfield>
   </marc:datafield>
   <marc:datafield ind1=" " ind2=" " tag="653">
      <marc:subfield code="a">Hörbuch</marc:subfield>
   </marc:datafield>
   <marc:datafield ind1="0" ind2="0" tag="245">
      <marc:subfield code="a">Petterson und Findus - Mein Gartenjahr</marc:subfield>
   </marc:datafield>
   <marc:datafield ind1="0" ind2="0" tag="245">
      <marc:subfield code="b">Herbst &amp; Winter</marc:subfield>
   </marc:datafield>
   <marc:datafield ind1=" " ind2="1" tag="264">
      <marc:subfield code="a">Düsseldorf</marc:subfield>
      <marc:subfield code="b">tonies GmbH</marc:subfield>
      <marc:subfield code="c">2023</marc:subfield>
   </marc:datafield>
   <marc:datafield ind1="1" ind2=" " tag="520">
      <marc:subfield code="a">Wie kann man Pilze selbst züchten? Welches Futter bekommen Vögel?&#xD;
Woher kommt die Bezeichnung »Altweibersommer«? Ob Frühling, Sommer, Herbst oder Winter – mit Pettersson und Findus wird es nie langweilig. Auf einer Reise durch die Jahreszeiten Herbst und Winter erfährst du vieles über Pflanzen für draußen und drinnen, was du in der Natur alles entdecken kannst und wie einfach ein Winterquartier für Marienkäfer herzustellen ist.&#xD;
&#xD;
Ab 5 Jahre&#xD;
&#xD;
Titelliste:&#xD;
01 - Pettersson und Findus - Mein Gartenjahr Herbst und Winter - Teil 1&#xD;
02 - Pettersson und Findus - Mein Gartenjahr Herbst und Winter - Teil 2&#xD;
03 - Pettersson und Findus - Mein Gartenjahr Herbst und Winter - Teil 3&#xD;
04 - Pettersson und Findus - Mein Gartenjahr Herbst und Winter - Teil 4&#xD;
05 - Pettersson und Findus - Mein Gartenjahr Herbst und Winter - Teil 5&#xD;
06 - Pettersson und Findus - Mein Gartenjahr Herbst und Winter - Teil 6&#xD;
07 - Pettersson und Findus - Mein Gartenjahr Herbst und Winter - Teil 7&#xD;
08 - Pettersson und Findus - Mein Gartenjahr Herbst und Winter - Teil 8&#xD;
09 - Pettersson und Findus - Mein Gartenjahr Herbst und Winter - Teil 9&#xD;
10 - Pettersson und Findus - Mein Gartenjahr Herbst und Winter - Teil 10&#xD;
11 - Pettersson und Findus - Mein Gartenjahr Herbst und Winter - Teil 11&#xD;
12 - Pettersson und Findus - Mein Gartenjahr Herbst und Winter - Teil 12&#xD;
13 - Pettersson und Findus - Mein Gartenjahr Herbst und Winter - Teil 13&#xD;
14 - Pettersson und Findus - Mein Gartenjahr Herbst und Winter - Teil 14&#xD;
15 - Pettersson und Findus - Mein Gartenjahr Herbst und Winter - Teil 15&#xD;
16 - Pettersson und Findus - Mein Gartenjahr Herbst und Winter - Teil 16&#xD;
17 - Pettersson und Findus - Mein Gartenjahr Herbst und Winter - Teil 17&#xD;
18 - Pettersson und Findus - Mein Gartenjahr Herbst und Winter - Teil 18&#xD;
19 - Pettersson und Findus - Mein Gartenjahr Herbst und Winter - Teil 19&#xD;
20 - Pettersson und Findus - Mein Gartenjahr Herbst und Winter - Teil 20&#xD;
21 - Pettersson und Findus - Mein Gartenjahr Herbst und Winter - Teil 21&#xD;
22 - Pettersson und Findus - Mein Gartenjahr Herbst und Winter - Teil 22&#xD;
23 - Pettersson und Findus - Mein Gartenjahr Herbst und Winter - Teil 23&#xD;
24 - Pettersson und Findus - Mein Gartenjahr Herbst und Winter - Teil 24&#xD;
25 - Pettersson und Findus - Mein Gartenjahr Herbst und Winter - Teil 25&#xD;
26 - Pettersson und Findus - Mein Gartenjahr Herbst und Winter - Teil 26&#xD;
27 - Pettersson und Findus - Mein Gartenjahr Herbst und Winter - Teil 27</marc:subfield>
   </marc:datafield>
   <marc:datafield ind1=" " ind2=" " tag="041">
      <marc:subfield code="a">ger</marc:subfield>
   </marc:datafield>
   <marc:datafield ind1=" " ind2=" " tag="338">
      <marc:subfield code="a">Gegenstand</marc:subfield>
   </marc:datafield>
   <marc:datafield ind1=" " ind2=" " tag="300">
      <marc:subfield code="a">1 Clever-Tonie</marc:subfield>
   </marc:datafield>
</marc:record>
